| 000 | 00692nam a2200241Ia 4500 | ||
|---|---|---|---|
| 003 | OSt | ||
| 005 | 20220918204255.0 | ||
| 006 | a|||||r|||| 00| 0 | ||
| 007 | ta | ||
| 008 | 220917b |||||||| |||| 00| 0 eng d | ||
| 024 | _a111,839 | ||
| 037 | _cTextual | ||
| 040 |
_aARTS _cARTS _beng |
||
| 041 |
_2eng _aeng |
||
| 082 | _aV52.Da, L3 (BB) | ||
| 100 |
_aWoloch Michael _9111348 |
||
| 245 | 0 | _aRoman citizenship and the Athenian elite AD 96-161 two prosopographical catalogues | |
| 260 |
_aAmsterdam _bAdolf M Hakkart _c1973 |
||
| 300 |
_axviii,315p. _ccm. |
||
| 650 | _aHISTORY | ||
| 942 |
_hV52.Da, L3 (BB) _cTEXL _2CC |
||
| 999 |
_c235188 _d235188 |
||